LEADER 01970oam 2200565 450 001 9910716028203321 005 20210526134752.0 035 $a(CKB)5470000002517825 035 $a(OCoLC)1150919720 035 $a(EXLCZ)995470000002517825 100 $a20200416d1936 ua 0 101 0 $aeng 135 $aurbn||||||||| 181 $ctxt$2rdacontent 182 $cc$2rdamedia 183 $acr$2rdacarrier 200 10$aFull-scale wind-tunnel tests to determine a satisfactory location for a service pitot-static tube on a low-wing monoplane /$fby John F. Parsons 210 1$aWashington, [D.C.] :$cNational Advisory Committee for Aeronautics,$d1936. 215 $a1 online resource (6 pages, 27 unnumbered pages) $cillustrations 225 1 $aTechnical note / National Advisory Committee for Aeronautics ;$vNo. 561 300 $a"March 1936. 300 $aNo Federal Depository Library Program (FDLP) item number. 320 $aIncludes bibliographical references (page 6). 606 $aPitot tubes 606 $aAerofoils 606 $aAir flow$xMeasurement 606 $aWind tunnel testing 606 $aAerofoils$2fast 606 $aAir flow$xMeasurement$2fast 606 $aPitot tubes$2fast 606 $aWind tunnel testing$2fast 615 0$aPitot tubes. 615 0$aAerofoils. 615 0$aAir flow$xMeasurement. 615 0$aWind tunnel testing. 615 7$aAerofoils. 615 7$aAir flow$xMeasurement. 615 7$aPitot tubes. 615 7$aWind tunnel testing. 700 $aParsons$b John F.$01387122 712 02$aUnited States.$bNational Advisory Committee for Aeronautics, 801 0$bTRAAL 801 1$bTRAAL 801 2$bOCLCO 801 2$bOCLCF 801 2$bGPO 906 $aBOOK 912 $a9910716028203321 996 $aFull-scale wind-tunnel tests to determine a satisfactory location for a service pitot-static tube on a low-wing monoplane$93436623 997 $aUNINA